The Richest Man in Babylon (Record no. 12564)

MARC details
000 -LEADER
fixed length control field 00274nam a22000977a 4500
008 - FIXED-LENGTH DATA ELEMENTS--GENERAL INFORMATION
fixed length control field 240405b |||||||| |||| 00| 0 eng d
020 ## - INTERNATIONAL STANDARD BOOK NUMBER
International Standard Book Number 9789388144315
100 ## - MAIN ENTRY--PERSONAL NAME
Personal name Clason S. George
9 (RLIN) 7765
245 ## - TITLE STATEMENT
Title The Richest Man in Babylon
260 ## - PUBLICATION, DISTRIBUTION, ETC. (IMPRINT)
Place of publication, distribution, etc. New Delhi
Name of publisher, distributor, etc. Fingerprint Classics
Date of publication, distribution, etc. 2023
Holdings
Withdrawn status Lost status Source of classification or shelving scheme Damaged status Koha normalized classification for sorting Not for loan Home library Current library Shelving location Date acquired Total Checkouts Full call number Barcode Date last seen Price effective from Koha item type
    Dewey Decimal Classification   CLA_150_000000000000000   Good Samaritan School Library Good Samaritan School Library PSYCHOLOGY 04/05/2024   CLA150 CLA17900 04/05/2024 04/05/2024 BOOK

Powered by Koha